Представление документа в формате RUSMARC

ПолеНазваниеЗначение
  Тип записи a
  Библиографический уровень a
001 Контрольный номер RU/CBS_UL/BASE/3b39817505ca433b9d0236a79f722800
005 Дата корректировки 20260325144445.8
100 Данные общей обработки __
a Данные общей обработки 20260325 ||| 0rusy0189 ca
101 Язык документа 0_
a Язык текста rus
102 Страна публикации __
a Страна публикации RU
200 Заглавие и сведения об ответственности 1_
a Заглавие Дети радуги
e Сведения, относящиеся к заглавию [удивительные райские птицы]
f Первые сведения об ответственности Е. Мигунова
300 Общие примечания __
a Общие примечания 0+
461 Уровень набора _0
1 2000
a Тошка и компания
463 Уровень физической единицы _0
1 2000
a № 3
v С. 10-13 : фото
1 2101
d 2026
1 001RU/CBS_UL/BASE/55d664135d4e45b395ed21b86342c383
606 Тематические рубрики 0_
a Основная рубрика Птицы - Новая Гвинея
610 Ключевые слова 0_
a Ключевые слова птицы
610 Ключевые слова 0_
a Ключевые слова райские птицы
610 Ключевые слова 0_
a Ключевые слова птицы райские
610 Ключевые слова 0_
a Ключевые слова экзотические птицы
610 Ключевые слова 0_
a Ключевые слова птицы экзотические
610 Ключевые слова 0_
a Ключевые слова птицы Новой Гвинеи
686 Индексы других классификаций __
2 Код системы rubbk
a Классификационный индекс 28.693.35
700 Автор _1
a Фамилия Мигунова
b Имя (инициалы) Е.
801 Источник записи _0
a Страна RU
b Организация МБУК ЦБС г. Ульяновска
c Дата составления 20260325
g Правила каталогизации RCR
801 Источник записи _1
a Страна RU
b Организация МБУК ЦБС г. Ульяновска
c Дата составления 20260325
g Правила каталогизации RCR
901 Тип документа __
t Тип документа b
w Контрольный № источника RU/CBS_UL/BASE/55d664135d4e45b395ed21b86342c383
909 Создатель записи __
a Создатель записи lib2